000 00243nam a2200097Ia 4500
001 710503
005 20250826162750.0
008 250824s9999 xx 000 0 und d
245 0 _aAŞKIN GÖZYAŞLARI
_cSİNAN YAGMUR
260 _bKARATAY AKEDEMİ
999 _c710503
_d710503